|
|
|
|
| LEADER |
03366nam a2200649 4500 |
| 001 |
ocn823860751 |
| 003 |
OCoLC |
| 005 |
20170124071512.7 |
| 006 |
m o d |
| 007 |
cr cnu|||unuuu |
| 008 |
130110s2013 enk ob 001 0 eng d |
| 040 |
|
|
|a DG1
|b eng
|e pn
|c DG1
|d CDX
|d COO
|d OCLCO
|d TEF
|d IDEBK
|d OCLCF
|d YDXCP
|d EBLCP
|d MHW
|d VLB
|d OCLCQ
|d DEBBG
|d GrThAP
|
| 019 |
|
|
|a 827207732
|a 828490485
|
| 020 |
|
|
|a 9781118451786
|q (electronic bk.)
|
| 020 |
|
|
|a 1118451783
|q (electronic bk.)
|
| 020 |
|
|
|a 9781299158429
|q (MyiLibrary)
|
| 020 |
|
|
|a 1299158420
|q (MyiLibrary)
|
| 020 |
|
|
|a 9781118447673
|
| 020 |
|
|
|a 1118447670
|
| 020 |
|
|
|z 9780470973721
|q (hbk.)
|
| 020 |
|
|
|z 0470973722
|q (hbk.)
|
| 029 |
1 |
|
|a AU@
|b 000050378621
|
| 029 |
1 |
|
|a AU@
|b 000058372696
|
| 029 |
1 |
|
|a DEBBG
|b BV041912626
|
| 029 |
1 |
|
|a NZ1
|b 15341571
|
| 029 |
1 |
|
|a DEBBG
|b BV043395292
|
| 035 |
|
|
|a (OCoLC)823860751
|z (OCoLC)827207732
|z (OCoLC)828490485
|
| 037 |
|
|
|a 447092
|b MIL
|
| 050 |
|
4 |
|a RC669.7
|b .C37 2013eb
|
| 060 |
|
4 |
|a WG 120
|b C267 2013
|
| 072 |
|
7 |
|a HEA
|2 eflch
|
| 082 |
0 |
4 |
|a 618.97/61
|2 23
|
| 049 |
|
|
|a MAIN
|
| 245 |
0 |
0 |
|a Cardiovascular disease and health in the older patient :
|b expanded from 'Pathy's Principles and practice of geriatric medicine, fifth edition' /
|c edited by David J. Stott, Gordon D.O. Lowe.
|
| 264 |
|
1 |
|a Chichester :
|b Wiley-Blackwell,
|c [2013]
|
| 264 |
|
4 |
|c ©2013
|
| 300 |
|
|
|a 1 online resource
|
| 336 |
|
|
|a text
|b txt
|2 rdacontent
|
| 337 |
|
|
|a computer
|b c
|2 rdamedia
|
| 338 |
|
|
|a online resource
|b cr
|2 rdacarrier
|
| 505 |
0 |
|
|a Epidemiology of Heart Disease / Ahmed H Abdelhafiz -- Cardiac Ageing and Systemic Disorders / David J Stott, Terence J Quinn -- Hypertension / Anthony S Wierzbicki, Adie Viljoen -- Lipid Management / Adie Viljoen, Anthony S Wierzbicki -- Arrhythmias / Abhay Bajpai, A John Camm -- Hypotension / Suraj Alakkassery -- Ischaemic Heart Disease / Wilbert S Aronow -- Heart Failure / Michael W Rich -- Cardiac Surgery / Ulrich O von Oppell, Adam Szafranek -- Cardiac Rehabilitation / Niccolo Marchionni, Francesco Fattirolli, Francesco Orso, Marco Baccini, Lucio A Rinaldi, Giulio Masotti -- Acute Stroke Care and Management of Carotid Artery Stenosis / David Doig, Martin M Brown -- Stroke Rehabilitation / Lalit Kalra -- Communication Disorders and Dysphagia / Pamela M Enderby -- Peripheral Arterial Disease / Leocadio Rodriguez-Manas, Marta Castro Rodriguez, Cristina Alonso Bouzon -- Venous Thromboembolism / Gordon D O Lowe -- Planning Cardiovascular Investigations and Management of Older People / Jennifer K Harrison, Terence J Quinn, David J Stott.
|
| 500 |
|
|
|a Includes index.
|
| 588 |
0 |
|
|a Print version record.
|
| 504 |
|
|
|a Includes bibliographical references and index.
|
| 650 |
|
0 |
|a Cardiovascular diseases in old age.
|
| 650 |
|
0 |
|a Geriatric cardiology.
|
| 650 |
1 |
2 |
|a Cardiovascular Diseases
|x therapy.
|
| 650 |
|
4 |
|a Aged.
|
| 650 |
|
4 |
|a Cardiovascular Diseases
|x therapy.
|
| 650 |
|
7 |
|a Cardiovascular diseases in old age.
|2 fast
|0 (OCoLC)fst00847160
|
| 650 |
|
7 |
|a Geriatric cardiology.
|2 fast
|0 (OCoLC)fst00941222
|
| 655 |
|
4 |
|a Electronic books.
|
| 700 |
1 |
|
|a Stott, David,
|d 1959-
|
| 700 |
1 |
|
|a Lowe, G. D. O.
|q (Gordon Douglas Ogilvie),
|d 1949-
|
| 776 |
0 |
8 |
|i Print version:
|z 9780470973721
|
| 856 |
4 |
0 |
|u https://doi.org/10.1002/9781118451786
|z Full Text via HEAL-Link
|
| 994 |
|
|
|a 92
|b DG1
|